000 00344nam a2200145Ia 4500
008 230917s9999||||xx |||||||||||||| ||und||
040 _e124700
_aMAIN
041 _aEnglish
082 _a954.02 S23D
100 _aSharma, Harishankar
245 0 _aDelhi Sultanate
260 _aJaipur
_bMalik and Co
_c2008
300 _a584 p.
942 _cBK
999 _c145195
_d145195